| 000 | 02995nmm a22004337a 4500 | ||
|---|---|---|---|
| 999 |
_c6599 _d6599 |
||
| 003 | OSt | ||
| 005 | 20260326115612.0 | ||
| 008 | 191018e xxu|||||o||d| 00| 0 spa d | ||
| 020 | _a9789507277658 | ||
| 040 | _cPJ | ||
| 245 | 1 | 0 |
_aRevista Laboral : _bprotección de la remuneración y otros créditos del trabajador / _cMario E. Ackerman director. |
| 260 |
_aSanta Fé : _bRubinzal Culzoni, _c2025. |
||
| 300 |
_a566 p. _c22 cm. |
||
| 310 | _asemestral | ||
| 362 | _aNo.2 (2025) | ||
| 505 |
_tLas propinas frente al decreto de necesidad y urgencia 731/2024 / _r Miguel Ángel Maza y Alejandro. |
||
| 505 |
_tEl valor de los créditos laborales, indexación y una oprobiosa moratoria laboral / _rCésar Arese. |
||
| 505 |
_tLa remuneración y lo remunerativo / _r Alejandro Sudera. |
||
| 505 |
_tLos convenios colectivos de trabajo y las sumas no remuneratorias / _r Horacio Las Heras. |
||
| 505 |
_tGratuidad en procedimientos judiciales y administrativos / _r Raúl Horacio Ojeda. |
||
| 505 |
_tEl privilegio especial del crédito del trabajador, a propósito del convenio nº 173 oit y el fallo “acevedo” de la csjn / _rPablo Arnaldo Topet. |
||
| 505 |
_tCompensación de la indemnización sustitutiva de preaviso omitida por el renunciante / _rCarlos Alberto Livellara. |
||
| 505 | _tLa responsabilidad solidaria frente al crédito de la persona trabajadora en la descentralización productiva / | ||
| 505 |
_tTransferencia de establecimientos. algunas cuestiones con la solidaridad / _rJorge Oscar Morresi. |
||
| 505 |
_tLa responsabilidad solidaria frente al crédito de la persona trabajadora: extensión de condena a socios, asociados, controlantes y administradores de sociedades comerciales y personas jurídicas privadas / _rOsvaldo A. Maddaloni. |
||
| 505 |
_tCesión del personal. _rDiego Rodrigo Guirado. |
||
| 505 |
_tLa protección laboral en los grupos económicos / _rMirna Valeria Lozano. |
||
| 505 |
_tLímites a las retenciones que puede realizar el empresario principal: la modificación de los artículos 29 y 136 de la lct / _rHebe A. García Borrás. |
||
| 505 |
_tEmbargabilidad de los créditos del trabajador / _r Ricardo Francisco Seco. |
||
| 505 |
_tProtección contra la desvalorización de los créditos. el limbo en que se encuentra el artículo 276 de la lct / _rDaniela Favier. |
||
| 505 |
_tEl impuesto a las ganancias y las indemnizaciones por extinción del vínculo laboral: una deuda pendiente / _rMaría Sol Loredo. |
||
| 505 |
_tProtección contra la desvalorización de los créditos. las actas de la cnat y los fallos de la csjn / _rNahuel Andreu. |
||
| 505 |
_tSíntesis de jurisprudencia / _r Diego Rodrigo Guirado Colaborador: Ramiro Rafael Ruiz Fernández. |
||
| 650 | 0 |
_91316 _aDERECHO LABORAL |
|
| 650 | 0 |
_91318 _aREMUNERACION |
|
| 700 |
_91423 _aAckermann, Mario Eduardo _edirector |
||
| 856 |
_uhttps://www.rubinzal.com.ar/revistas/revista-de-derecho-laboral/5/?menupc=1 _yRevista Derecho Laboral |
||
| 942 |
_2udc _cPP |
||